[Event "Perpignan Rapide 2018"]
[Site "Perpignan"]
[Date "2018.10.21"]
[Round "5.2"]
[White "MUNOZ, Miguel"]
[Black "GARCIA, Daniel"]
[Result "1-0"]
[BlackElo "2356"]
[WhiteElo "2577"]
[LiveChessVersion "1.4.8"]

1. e4 {[%clk 0:15:04]} c5 {[%clk 0:15:05]} 2. g3 {[%clk 0:15:05]} Nc6
{[%clk 0:15:04]} 3. Bg2 {[%clk 0:15:06]} g6 {[%clk 0:15:06]} 4. Ne2
{[%clk 0:15:08]} Bg7 {[%clk 0:15:08]} 5. c3 {[%clk 0:15:09]} e5 {[%clk 0:14:54]}
6. d3 {[%clk 0:15:09]} Nge7 {[%clk 0:14:56]} 7. Be3 {[%clk 0:15:10]} d6
{[%clk 0:14:47]} 8. O-O {[%clk 0:15:09]} O-O {[%clk 0:14:49]} 9. f4
{[%clk 0:15:10]} b6 {[%clk 0:14:07]} 10. f5 {[%clk 0:15:10]} f6 {[%clk 0:13:52]}
11. c4 {[%clk 0:15:09]} Rb8 {[%clk 0:12:38]} 12. Nbc3 {[%clk 0:15:07]} Nd4
{[%clk 0:12:25]} 13. g4 {[%clk 0:15:07]} Bd7 {[%clk 0:12:19]} 14. Ng3
{[%clk 0:15:02]} b5 {[%clk 0:12:18]} 15. b3 {[%clk 0:15:03]} a5 {[%clk 0:11:45]}
16. h4 {[%clk 0:14:47]} a4 {[%clk 0:11:24]} 17. cxb5 {[%clk 0:13:22]} axb3
{[%clk 0:10:31]} 18. a4 {[%clk 0:13:23]} Qa5 {[%clk 0:10:29]} 19. Bxd4
{[%clk 0:13:22]} cxd4 {[%clk 0:10:17]} 20. Qxb3+ {[%clk 0:13:23]} Kh8
{[%clk 0:10:14]} 21. Nce2 {[%clk 0:11:06]} Bh6 {[%clk 0:08:07]} 22. Kh2
{[%clk 0:10:51]} Rbc8 {[%clk 0:06:51]} 23. Rab1 {[%clk 0:09:42]} Ra8
{[%clk 0:05:37]} 24. Qb4 {[%clk 0:09:31]} Qxb4 {[%clk 0:04:05]} 25. Rxb4
{[%clk 0:09:30]} Kg7 {[%clk 0:04:06]} 26. Bh3 {[%clk 0:09:07]} Bd2
{[%clk 0:03:56]} 27. Rb2 {[%clk 0:08:50]} Be3 {[%clk 0:03:58]} 28. Rb4
{[%clk 0:07:11]} Bd2 {[%clk 0:03:52]} 29. Rb2 {[%clk 0:06:37]} Be3
{[%clk 0:03:43]} 30. Ra1 {[%clk 0:06:37]} Ra5 {[%clk 0:03:31]} 31. Nf1
{[%clk 0:06:36]} d5 {[%clk 0:02:32]} 32. Nxe3 {[%clk 0:05:29]} dxe3
{[%clk 0:02:34]} 33. exd5 {[%clk 0:05:31]} Nxd5 {[%clk 0:02:22]} 34. d4
{[%clk 0:04:23]} e4 {[%clk 0:00:55]} 35. Bg2 {[%clk 0:03:17]} gxf5
{[%clk 0:00:41]} 36. gxf5 {[%clk 0:03:18]} Bxf5 {[%clk 0:00:38]} 37. Ng3
{[%clk 0:03:18]} Bg4 {[%clk 0:00:16]} 38. Nxe4 {[%clk 0:03:09]} Nf4
{[%clk 0:00:08]} 39. Kg3 {[%clk 0:03:04]} Nxg2 {[%clk 0:00:05]} 40. Rxg2
{[%clk 0:02:49]} Be6 {[%clk 0:00:05]} 41. Kf4+ {[%clk 0:02:49]} Kf7
{[%clk 0:00:07]} 42. Rc1 {[%clk 0:02:37]} Bd5 {[%clk 0:00:05]} 43. Rc7+
{[%clk 0:02:37]} Ke8 {[%clk 0:00:05]} 44. Rgg7 {[%clk 0:02:33]} Rf7
{[%clk 0:00:04]} 45. Rg8+ {[%clk 0:02:12]} Rf8 {[%clk 0:00:06]} 46. Nxf6+
{[%clk 0:02:12]} Kd8 {[%clk 0:00:07]} 47. Rd7+ {[%clk 0:02:14]} 1-0

[Event "Perpignan Rapide 2018"]
[Site "Perpignan"]
[Date "2018.10.21"]
[Round "6.1"]
[White "BAUER, Christian"]
[Black "MUNOZ, Miguel"]
[Result "0-1"]
[BlackElo "2577"]
[WhiteElo "2660"]
[LiveChessVersion "1.4.8"]

1. d4 {[%clk 0:15:05]} Nf6 {[%clk 0:15:03]} 2. Bf4 {[%clk 0:15:07]} c5
{[%clk 0:15:04]} 3. dxc5 {[%clk 0:15:08]} Qa5+ {[%clk 0:14:52]} 4. Qd2
{[%clk 0:15:08]} Qxc5 {[%clk 0:14:53]} 5. Nc3 {[%clk 0:15:10]} g6
{[%clk 0:14:14]} 6. e4 {[%clk 0:15:10]} Bg7 {[%clk 0:14:06]} 7. O-O-O
{[%clk 0:14:57]} O-O {[%clk 0:14:01]} 8. f3 {[%clk 0:14:28]} Nc6 {[%clk 0:13:55]}
9. Be3 {[%clk 0:14:07]} Qa5 {[%clk 0:13:54]} 10. g4 {[%clk 0:14:05]} d6
{[%clk 0:13:14]} 11. Kb1 {[%clk 0:13:55]} Bd7 {[%clk 0:12:52]} 12. Nge2
{[%clk 0:13:41]} Rfc8 {[%clk 0:12:47]} 13. Nc1 {[%clk 0:12:16]} Be6
{[%clk 0:12:07]} 14. g5 {[%clk 0:12:07]} Nd7 {[%clk 0:12:04]} 15. Nd5
{[%clk 0:12:07]} Qxd2 {[%clk 0:09:48]} 16. Rxd2 {[%clk 0:12:03]} Bxd5
{[%clk 0:09:25]} 17. exd5 {[%clk 0:12:04]} Nce5 {[%clk 0:09:26]} 18. Be2
{[%clk 0:11:46]} Nc4 {[%clk 0:09:26]} 19. Bxc4 {[%clk 0:11:47]} Rxc4
{[%clk 0:09:28]} 20. b3 {[%clk 0:11:03]} Rh4 {[%clk 0:09:18]} 21. f4
{[%clk 0:10:01]} f6 {[%clk 0:08:53]} 22. gxf6 {[%clk 0:09:26]} Nxf6
{[%clk 0:08:54]} 23. Ne2 {[%clk 0:08:45]} Ne4 {[%clk 0:08:06]} 24. Rd3
{[%clk 0:08:44]} Rh3 {[%clk 0:07:40]} 25. f5 {[%clk 0:06:37]} g5 {[%clk 0:06:32]}
26. Bc1 {[%clk 0:04:09]} Rxd3 {[%clk 0:05:26]} 27. cxd3 {[%clk 0:04:12]} Nf2
{[%clk 0:05:27]} 28. Rg1 {[%clk 0:04:01]} Nxd3 {[%clk 0:05:28]} 29. Bxg5
{[%clk 0:04:03]} Kf7 {[%clk 0:05:25]} 30. Rg3 {[%clk 0:03:51]} Nc5
{[%clk 0:05:12]} 31. Re3 {[%clk 0:03:27]} Re8 {[%clk 0:04:55]} 32. Nf4
{[%clk 0:02:48]} h6 {[%clk 0:04:30]} 33. Bh4 {[%clk 0:02:49]} Be5
{[%clk 0:04:17]} 34. Ng6 {[%clk 0:02:38]} Bf6 {[%clk 0:03:53]} 35. b4
{[%clk 0:02:22]} Nd7 {[%clk 0:03:50]} 36. Rh3 {[%clk 0:00:39]} Rc8
{[%clk 0:03:34]} 37. Bf2 {[%clk 0:00:30]} Bg5 {[%clk 0:03:23]} 38. a3
{[%clk 0:00:27]} Rc1+ 39. Kb2 Rf1 {[%clk 0:03:15]} 40. Bxa7 {[%clk 0:00:14]} Rxf5
{[%clk 0:02:55]} 41. Nh4 {[%clk 0:00:16]} Rxd5 {[%clk 0:02:57]} 42. Nf3
{[%clk 0:00:18]} Bf6+ {[%clk 0:02:55]} 43. Kc2 {[%clk 0:00:19]} Bg7
{[%clk 0:02:54]} 44. Be3 {[%clk 0:00:19]} Rf5 {[%clk 0:02:50]} 45. Kd3
{[%clk 0:00:11]} e5 {[%clk 0:02:36]} 46. Ke2 {[%clk 0:00:10]} Rf6
{[%clk 0:02:28]} 47. Rh5 {[%clk 0:00:08]} Ke6 {[%clk 0:02:25]} 48. Rh4
{[%clk 0:00:06]} d5 49. Rg4 Bf8 {[%clk 0:02:23]} 50. Bf2 {[%clk 0:00:08]} d4
{[%clk 0:02:19]} 51. Bh4 {[%clk 0:00:09]} Rf7 {[%clk 0:02:19]} 52. Nd2
{[%clk 0:00:07]} Kd5 {[%clk 0:02:19]} 53. Rg6 {[%clk 0:00:09]} e4
{[%clk 0:02:15]} 54. Bg3 {[%clk 0:00:10]} Rf6 {[%clk 0:02:04]} 55. Rg4
{[%clk 0:00:12]} Re6 {[%clk 0:02:05]} 56. Rh4 {[%clk 0:00:14]} Nf6
{[%clk 0:02:05]} 57. Bf4 {[%clk 0:00:13]} d3+ {[%clk 0:01:48]} 58. Ke3
{[%clk 0:00:09]} h5 {[%clk 0:01:50]} 59. h3 {[%clk 0:00:10]} Be7 {[%clk 0:01:42]}
60. Bg5 {[%clk 0:00:08]} Ng4+ {[%clk 0:01:44]} 61. Kf4 {[%clk 0:00:11]} Bxg5+
{[%clk 0:01:42]} 62. Kxg5 {[%clk 0:00:13]} e3 {[%clk 0:01:43]} 63. Nf3
{[%clk 0:00:10]} d2 {[%clk 0:01:44]} 64. Rxh5 {[%clk 0:00:11]} Ne5
{[%clk 0:01:39]} 65. Kf4 {[%clk 0:00:13]} d1=Q {[%clk 0:01:37]} 0-1

[Event "Perpignan Rapide 2018"]
[Site "Perpignan"]
[Date "2018.10.21"]
[Round "6.2"]
[White "VIDARTE, Arturo"]
[Black "NAVROTESCU, Andreea"]
[Result "0-1"]
[BlackElo "2175"]
[WhiteElo "2361"]
[LiveChessVersion "1.4.8"]

1. c4 {[%clk 0:15:04]} e5 {[%clk 0:15:05]} 2. g3 {[%clk 0:15:05]} Nf6
{[%clk 0:15:06]} 3. Bg2 {[%clk 0:15:05]} c6 {[%clk 0:15:08]} 4. Nf3
{[%clk 0:15:04]} e4 {[%clk 0:14:45]} 5. Nd4 {[%clk 0:15:06]} Qb6 {[%clk 0:13:45]}
6. Nc2 {[%clk 0:15:07]} d5 {[%clk 0:13:14]} 7. cxd5 {[%clk 0:15:07]} cxd5
{[%clk 0:13:16]} 8. O-O {[%clk 0:15:04]} Bc5 {[%clk 0:12:41]} 9. d3
{[%clk 0:15:02]} O-O {[%clk 0:12:34]} 10. Nc3 {[%clk 0:15:03]} Qc6
{[%clk 0:10:16]} 11. Bg5 {[%clk 0:14:56]} Bf5 {[%clk 0:09:51]} 12. d4
{[%clk 0:14:18]} Be7 {[%clk 0:09:42]} 13. Ne3 {[%clk 0:14:20]} Be6
{[%clk 0:09:36]} 14. Rc1 {[%clk 0:14:19]} Qd7 {[%clk 0:09:39]} 15. Qb3
{[%clk 0:13:27]} Rd8 {[%clk 0:09:41]} 16. Rfd1 {[%clk 0:12:06]} Nc6
{[%clk 0:09:41]} 17. Qb5 {[%clk 0:12:04]} a6 {[%clk 0:08:24]} 18. Qb6
{[%clk 0:12:02]} Rdc8 {[%clk 0:08:20]} 19. Na4 {[%clk 0:10:40]} Bd8
{[%clk 0:08:17]} 20. Qb3 {[%clk 0:10:25]} Nxd4 {[%clk 0:08:01]} 21. Rxc8
{[%clk 0:10:11]} Nxe2+ {[%clk 0:07:13]} 22. Kf1 {[%clk 0:10:02]} Rxc8
{[%clk 0:07:10]} 23. Bxf6 {[%clk 0:09:21]} Nc1 {[%clk 0:05:53]} 24. Rxd5
{[%clk 0:05:43]} Bxd5 {[%clk 0:03:31]} 25. Qxd5 {[%clk 0:05:45]} Qxd5
{[%clk 0:03:29]} 26. Nxd5 {[%clk 0:05:46]} Bxf6 {[%clk 0:03:02]} 27. Bxe4
{[%clk 0:05:47]} Nxa2 {[%clk 0:02:55]} 28. Nxf6+ {[%clk 0:05:32]} gxf6
{[%clk 0:02:57]} 29. Bxb7 {[%clk 0:05:33]} Rc1+ {[%clk 0:02:58]} 30. Kg2
{[%clk 0:05:35]} Nb4 {[%clk 0:02:46]} 31. b3 {[%clk 0:05:19]} a5 {[%clk 0:02:23]}
32. Be4 {[%clk 0:04:54]} Re1 {[%clk 0:02:13]} 33. Kf3 {[%clk 0:04:38]} Kf8
{[%clk 0:01:53]} 34. Nb6 {[%clk 0:04:32]} h6 {[%clk 0:01:49]} 35. Nc4
{[%clk 0:04:25]} Ra1 {[%clk 0:01:38]} 36. h4 {[%clk 0:04:23]} Na6
{[%clk 0:01:31]} 37. Bd5 {[%clk 0:03:42]} Nc5 {[%clk 0:01:17]} 38. Nd2
{[%clk 0:03:22]} Ke7 {[%clk 0:01:03]} 39. Ke3 {[%clk 0:03:21]} Re1+
{[%clk 0:00:38]} 40. Kf3 {[%clk 0:02:55]} Ne6 {[%clk 0:00:40]} 41. Bc4
{[%clk 0:02:11]} Nd4+ {[%clk 0:00:40]} 42. Kg2 {[%clk 0:02:11]} f5
{[%clk 0:00:33]} 43. Nf1 {[%clk 0:01:06]} Rb1 {[%clk 0:00:35]} 44. Ne3
{[%clk 0:01:07]} Kf6 {[%clk 0:00:33]} 45. Nd5+ {[%clk 0:00:49]} Ke5
{[%clk 0:00:35]} 46. Nf4 {[%clk 0:00:43]} Nxb3 {[%clk 0:00:31]} 47. Bxf7
{[%clk 0:00:39]} Nd4 {[%clk 0:00:31]} 48. Nd3+ {[%clk 0:00:33]} Kf6
{[%clk 0:00:32]} 49. Ba2 {[%clk 0:00:27]} Ra1 {[%clk 0:00:34]} 50. Bc4
{[%clk 0:00:25]} a4 {[%clk 0:00:36]} 51. Nf4 {[%clk 0:00:26]} a3 {[%clk 0:00:37]}
52. h5 {[%clk 0:00:21]} a2 {[%clk 0:00:37]} 53. Bg8 {[%clk 0:00:17]} Rg1+
{[%clk 0:00:36]} 54. Kxg1 {[%clk 0:00:19]} a1=Q+ {[%clk 0:00:37]} 55. Kg2
{[%clk 0:00:21]} Qa8+ {[%clk 0:00:39]} 56. Bd5 {[%clk 0:00:23]} Qb8
{[%clk 0:00:38]} 57. Bc4 {[%clk 0:00:23]} Qb2 {[%clk 0:00:29]} 58. Nd5+
{[%clk 0:00:20]} Ke5 {[%clk 0:00:30]} 59. Nf4 {[%clk 0:00:20]} Qc3
{[%clk 0:00:23]} 60. Bf1 {[%clk 0:00:13]} Qf3+ {[%clk 0:00:25]} 61. Kg1
{[%clk 0:00:14]} Qb7 {[%clk 0:00:23]} 62. Nd3+ {[%clk 0:00:15]} Kf6
{[%clk 0:00:25]} 63. Nf4 {[%clk 0:00:12]} Nf3+ {[%clk 0:00:26]} 64. Kh1
{[%clk 0:00:13]} Nd2+ {[%clk 0:00:22]} 65. Bg2 {[%clk 0:00:16]} Qb1+
{[%clk 0:00:23]} 66. Kh2 {[%clk 0:00:17]} Ne4 {[%clk 0:00:21]} 67. Nd5+
{[%clk 0:00:14]} Ke5 {[%clk 0:00:23]} 68. Ne3 {[%clk 0:00:15]} Nxf2
{[%clk 0:00:17]} 69. Nc4+ {[%clk 0:00:14]} Kd4 {[%clk 0:00:19]} 70. Nd2
{[%clk 0:00:16]} Ng4+ {[%clk 0:00:20]} 71. Kh3 {[%clk 0:00:18]} Qb2
{[%clk 0:00:11]} 72. Nf3+ {[%clk 0:00:18]} Ke3 {[%clk 0:00:12]} 73. Nh4
{[%clk 0:00:20]} Nf2+ {[%clk 0:00:14]} 74. Kh2 {[%clk 0:00:21]} Ng4+
{[%clk 0:00:16]} 75. Kh3 {[%clk 0:00:24]} Qe5 {[%clk 0:00:13]} 76. Bb7
{[%clk 0:00:19]} Nf2+ {[%clk 0:00:15]} 77. Kh2 {[%clk 0:00:19]} Ne4
{[%clk 0:00:12]} 78. Ng2+ {[%clk 0:00:21]} Kf2 {[%clk 0:00:12]} 79. Nf4
{[%clk 0:00:16]} Qc3 {[%clk 0:00:04]} 80. Nh3+ {[%clk 0:00:15]} Ke1
{[%clk 0:00:05]} 81. Bxe4 {[%clk 0:00:12]} fxe4 {[%clk 0:00:07]} 82. Nf4
{[%clk 0:00:14]} Qc2+ {[%clk 0:00:09]} 83. Kh3 {[%clk 0:00:08]} Qc8+
{[%clk 0:00:11]} 84. Kg2 {[%clk 0:00:08]} e3 {[%clk 0:00:13]} 85. Kf3
{[%clk 0:00:09]} Kd2 {[%clk 0:00:15]} 0-1

[Event "Perpignan Rapide 2018"]
[Site "Perpignan"]
[Date "2018.10.21"]
[Round "7.1"]
[White "MUNOZ, Miguel"]
[Black "NAVROTESCU, Andreea"]
[Result "1-0"]
[BlackElo "2175"]
[WhiteElo "2577"]
[LiveChessVersion "1.4.8"]

1. e4 {[%clk 0:15:04]} c5 {[%clk 0:15:06]} 2. g3 {[%clk 0:15:05]} g6
{[%clk 0:15:06]} 3. Bg2 {[%clk 0:15:07]} Bg7 {[%clk 0:15:08]} 4. Ne2
{[%clk 0:15:09]} Nc6 {[%clk 0:14:58]} 5. c3 {[%clk 0:15:10]} e5 {[%clk 0:15:00]}
6. d3 {[%clk 0:15:12]} Nge7 {[%clk 0:15:00]} 7. Be3 {[%clk 0:15:13]} d6
{[%clk 0:15:02]} 8. O-O {[%clk 0:15:14]} O-O {[%clk 0:14:46]} 9. f4
{[%clk 0:15:15]} f5 {[%clk 0:13:50]} 10. Nd2 {[%clk 0:15:16]} Kh8
{[%clk 0:13:21]} 11. Nf3 {[%clk 0:15:17]} Be6 {[%clk 0:12:05]} 12. fxe5
{[%clk 0:15:16]} Nxe5 {[%clk 0:12:07]} 13. Nxe5 {[%clk 0:15:17]} Bxe5
{[%clk 0:12:08]} 14. d4 {[%clk 0:15:18]} cxd4 {[%clk 0:11:58]} 15. Nxd4
{[%clk 0:15:20]} Bc4 {[%clk 0:11:36]} 16. Rf2 {[%clk 0:15:22]} fxe4
{[%clk 0:10:52]} 17. Bxe4 {[%clk 0:15:19]} Rxf2 {[%clk 0:09:46]} 18. Bxf2
{[%clk 0:15:20]} Qd7 {[%clk 0:09:43]} 19. Nf3 {[%clk 0:15:18]} Bg7
{[%clk 0:09:21]} 20. Bd4 {[%clk 0:15:15]} Nc6 {[%clk 0:06:13]} 21. Bxg7+
{[%clk 0:15:14]} Kxg7 {[%clk 0:05:27]} 22. Bd5 {[%clk 0:14:16]} Bxd5
{[%clk 0:05:04]} 23. Qxd5 {[%clk 0:14:17]} Rf8 {[%clk 0:04:49]} 24. Re1
{[%clk 0:13:49]} Rf5 {[%clk 0:04:34]} 25. Qd3 {[%clk 0:13:05]} Qf7
{[%clk 0:03:16]} 26. Nd4 {[%clk 0:13:07]} Rf6 {[%clk 0:03:18]} 27. b3
{[%clk 0:11:58]} Ne5 {[%clk 0:03:19]} 28. Qe4 {[%clk 0:11:57]} h5
{[%clk 0:02:10]} 29. c4 {[%clk 0:11:19]} Ng4 {[%clk 0:01:40]} 30. Qd5
{[%clk 0:10:46]} Qxd5 {[%clk 0:01:17]} 31. cxd5 {[%clk 0:10:47]} Ne5
{[%clk 0:01:18]} 32. Kg2 {[%clk 0:10:35]} a6 {[%clk 0:01:18]} 33. Rc1
{[%clk 0:10:14]} Rf7 {[%clk 0:01:19]} 34. Ne6+ {[%clk 0:10:10]} Kh6
{[%clk 0:00:28]} 35. Rc8 {[%clk 0:10:10]} Rh7 {[%clk 0:00:08]} 36. Rd8
{[%clk 0:09:49]} Nf7 {[%clk 0:00:06]} 37. Rd7 {[%clk 0:09:50]} b5
{[%clk 0:00:05]} 38. h4 {[%clk 0:09:46]} g5 {[%clk 0:00:04]} 39. hxg5+
{[%clk 0:09:04]} Nxg5 {[%clk 0:00:05]} 40. Rxd6 {[%clk 0:09:05]} Nxe6
{[%clk 0:00:06]} 41. Rxa6 {[%clk 0:08:56]} Kg5 {[%clk 0:00:05]} 42. Rxe6
{[%clk 0:08:55]} Rd7 {[%clk 0:00:06]} 43. Re5+ {[%clk 0:08:53]} Kg6
{[%clk 0:00:08]} 44. Kf3 {[%clk 0:08:53]} Ra7 {[%clk 0:00:07]} 45. Re2
{[%clk 0:08:38]} Rd7 {[%clk 0:00:08]} 46. Ke4 {[%clk 0:08:40]} Kf6
{[%clk 0:00:09]} 47. Kd4 {[%clk 0:08:41]} Rg7 {[%clk 0:00:10]} 48. Re6+
{[%clk 0:08:32]} Kf7 {[%clk 0:00:11]} 49. Re3 {[%clk 0:08:34]} Rg4+
{[%clk 0:00:12]} 50. Kc5 {[%clk 0:08:36]} Rg5 {[%clk 0:00:10]} 51. a4
{[%clk 0:08:37]} bxa4 {[%clk 0:00:11]} 52. bxa4 {[%clk 0:08:39]} 1-0

[Event "Perpignan Rapide 2018"]
[Site "Perpignan"]
[Date "2018.10.21"]
[Round "7.2"]
[White "DOLUHANOVA, Evgeniya"]
[Black "BRICARD, Emmanuel"]
[Result "0-1"]
[BlackElo "2399"]
[WhiteElo "2273"]
[LiveChessVersion "1.4.8"]

1. e4 {[%clk 0:15:03]} e6 {[%clk 0:15:05]} 2. b3 {[%clk 0:14:59]} c5
{[%clk 0:14:55]} 3. Bb2 {[%clk 0:14:51]} Nf6 {[%clk 0:14:47]} 4. e5
{[%clk 0:14:40]} Nd5 {[%clk 0:14:48]} 5. c4 {[%clk 0:14:28]} Ne7 {[%clk 0:14:35]}
6. f4 {[%clk 0:13:44]} Nbc6 {[%clk 0:14:35]} 7. Nf3 {[%clk 0:13:44]} d6
{[%clk 0:14:16]} 8. Be2 {[%clk 0:12:22]} Ng6 {[%clk 0:13:50]} 9. g3
{[%clk 0:11:49]} dxe5 {[%clk 0:13:50]} 10. fxe5 {[%clk 0:10:44]} b6
{[%clk 0:13:28]} 11. O-O {[%clk 0:09:02]} Bb7 {[%clk 0:13:28]} 12. Qe1
{[%clk 0:08:44]} Be7 {[%clk 0:11:47]} 13. h4 {[%clk 0:08:24]} Qc7
{[%clk 0:11:44]} 14. Na3 {[%clk 0:06:17]} a6 {[%clk 0:11:27]} 15. Qf2
{[%clk 0:04:27]} O-O-O {[%clk 0:10:13]} 16. Qe3 {[%clk 0:03:57]} f6
{[%clk 0:08:44]} 17. Rae1 {[%clk 0:03:26]} Rhf8 {[%clk 0:06:12]} 18. Nb1
{[%clk 0:01:13]} Nd4 {[%clk 0:05:02]} 19. Bxd4 {[%clk 0:00:35]} cxd4
{[%clk 0:05:03]} 20. Qd3 {[%clk 0:00:33]} fxe5 {[%clk 0:04:49]} 0-1

[Event "Perpignan Rapide 2018"]
[Site "Perpignan"]
[Date "2018.10.21"]
[Round "8.1"]
[White "MUNOZ, Miguel"]
[Black "GARCIA, Daniel"]
[Result "1-0"]
[BlackElo "2356"]
[WhiteElo "2577"]
[LiveChessVersion "1.4.8"]

1. e4 {[%clk 0:15:04]} e5 {[%clk 0:15:05]} 2. d4 {[%clk 0:15:04]} exd4
{[%clk 0:15:07]} 3. Qxd4 {[%clk 0:15:06]} Nc6 {[%clk 0:15:09]} 4. Qe3
{[%clk 0:15:08]} Nf6 {[%clk 0:15:04]} 5. Bd2 {[%clk 0:15:09]} b6 {[%clk 0:14:49]}
6. Nc3 {[%clk 0:15:09]} Bc5 {[%clk 0:14:48]} 7. Qg3 {[%clk 0:15:11]} Qe7
{[%clk 0:13:40]} 8. O-O-O {[%clk 0:15:09]} O-O {[%clk 0:13:08]} 9. Bg5
{[%clk 0:14:59]} Qe6 {[%clk 0:10:48]} 10. f3 {[%clk 0:14:50]} Bd6
{[%clk 0:09:21]} 11. Qh4 {[%clk 0:14:47]} Be5 {[%clk 0:09:18]} 12. Nge2
{[%clk 0:14:47]} Ba6 13. Nf4 {[%clk 0:14:42]} Bxf4+ {[%clk 0:08:39]} 14. Qxf4
{[%clk 0:14:43]} Bxf1 {[%clk 0:08:38]} 15. Rhxf1 {[%clk 0:14:44]} Ne5
{[%clk 0:08:08]} 16. Bxf6 {[%clk 0:14:41]} gxf6 {[%clk 0:07:39]} 17. Nd5
{[%clk 0:14:41]} c6 {[%clk 0:06:23]} 18. Nxf6+ {[%clk 0:14:40]} Kg7
{[%clk 0:06:25]} 19. Nh5+ {[%clk 0:14:17]} Kh8 {[%clk 0:06:20]} 20. Qf6+
{[%clk 0:14:16]} Qxf6 {[%clk 0:06:18]} 21. Nxf6 {[%clk 0:14:17]} Rad8
{[%clk 0:06:00]} 22. f4 {[%clk 0:14:18]} Nc4 {[%clk 0:05:37]} 23. Rd3
{[%clk 0:13:54]} d6 {[%clk 0:04:34]} 24. Rfd1 {[%clk 0:13:28]} Kg7
{[%clk 0:04:04]} 25. e5 {[%clk 0:13:28]} Kg6 {[%clk 0:03:50]} 26. b3
{[%clk 0:13:27]} Na5 {[%clk 0:03:45]} 27. Rxd6 {[%clk 0:13:05]} Rxd6
{[%clk 0:03:46]} 28. Rxd6 {[%clk 0:13:06]} Kf5 {[%clk 0:03:43]} 29. g3
{[%clk 0:12:52]} h5 {[%clk 0:03:36]} 30. Kd2 {[%clk 0:12:54]} h4 {[%clk 0:03:33]}
31. Ke3 {[%clk 0:12:55]} hxg3 {[%clk 0:03:34]} 32. hxg3 {[%clk 0:12:57]} Rh8
{[%clk 0:03:30]} 33. Kf3 {[%clk 0:12:58]} Kg6 {[%clk 0:03:10]} 34. Ng4+
{[%clk 0:11:52]} Kg7 {[%clk 0:03:11]} 35. Rd7 {[%clk 0:11:48]} 1-0

[Event "Perpignan Rapide 2018"]
[Site "Perpignan"]
[Date "2018.10.21"]
[Round "9.1"]
[White "GARCIA, Daniel"]
[Black "MUNOZ, Miguel"]
[Result "0-1"]
[BlackElo "2577"]
[WhiteElo "2356"]
[LiveChessVersion "1.4.8"]

1. e4 {[%clk 0:15:05]} d5 {[%clk 0:15:04]} 2. exd5 {[%clk 0:15:06]} Qxd5
{[%clk 0:15:06]} 3. Nc3 {[%clk 0:15:08]} Qa5 {[%clk 0:15:07]} 4. d4
{[%clk 0:15:09]} Nf6 {[%clk 0:15:08]} 5. Nf3 {[%clk 0:15:11]} Nc6
{[%clk 0:15:09]} 6. Bd2 {[%clk 0:14:53]} Bg4 {[%clk 0:15:10]} 7. h3
{[%clk 0:14:47]} Bxf3 {[%clk 0:15:06]} 8. Qxf3 {[%clk 0:14:49]} O-O-O
{[%clk 0:15:07]} 9. Ne4 {[%clk 0:11:29]} Qb6 {[%clk 0:13:25]} 10. c3
{[%clk 0:11:26]} e5 {[%clk 0:12:39]} 11. Nxf6 {[%clk 0:10:46]} gxf6
{[%clk 0:12:40]} 12. d5 {[%clk 0:09:28]} Ne7 {[%clk 0:12:30]} 13. Bc4
{[%clk 0:08:25]} f5 {[%clk 0:12:01]} 14. O-O {[%clk 0:08:18]} f4 {[%clk 0:12:00]}
15. Rfe1 {[%clk 0:08:10]} Ng6 {[%clk 0:12:01]} 16. Bd3 {[%clk 0:07:55]} Bd6
{[%clk 0:11:16]} 17. c4 {[%clk 0:07:45]} Rhg8 {[%clk 0:11:06]} 18. Qh5
{[%clk 0:06:53]} Kb8 {[%clk 0:11:00]} 19. Bc3 {[%clk 0:06:39]} Bc5
{[%clk 0:10:55]} 20. Kh1 {[%clk 0:03:32]} Bxf2 {[%clk 0:10:46]} 21. Re2
{[%clk 0:03:34]} Bd4 {[%clk 0:10:24]} 22. Bxd4 {[%clk 0:03:09]} Qxd4
{[%clk 0:10:26]} 23. Bxg6 {[%clk 0:03:07]} hxg6 {[%clk 0:10:06]} 24. Qxe5
{[%clk 0:03:08]} Qxc4 {[%clk 0:10:00]} 25. Rd1 {[%clk 0:03:10]} f6
{[%clk 0:08:51]} 26. Qe6 {[%clk 0:02:48]} g5 {[%clk 0:08:37]} 27. b3
{[%clk 0:02:40]} Qb5 {[%clk 0:08:23]} 28. d6 {[%clk 0:02:29]} Qc6
{[%clk 0:07:25]} 29. dxc7+ {[%clk 0:01:59]} Qxc7 {[%clk 0:07:26]} 30. Rde1
{[%clk 0:01:32]} g4 {[%clk 0:06:49]} 31. hxg4 {[%clk 0:00:24]} f3
{[%clk 0:06:39]} 32. gxf3 {[%clk 0:00:16]} Qg3 {[%clk 0:06:40]} 33. Rg2
{[%clk 0:00:17]} Qxf3 {[%clk 0:06:39]} 34. Qe4 Qh3+ {[%clk 0:06:00]} 35. Kg1
{[%clk 0:00:10]} Qh6 {[%clk 0:06:02]} 36. Rf1 {[%clk 0:00:09]} Rd2
{[%clk 0:05:08]} 37. Rxd2 {[%clk 0:00:05]} Qxd2 {[%clk 0:05:10]} 38. Rxf6 Qd1+
{[%clk 0:05:01]} 39. Kf2 {[%clk 0:00:05]} Qxg4 {[%clk 0:04:56]} 40. Qe5+
{[%clk 0:00:04]} Ka8 {[%clk 0:04:57]} 41. Re6 {[%clk 0:00:06]} Qh4+
{[%clk 0:04:41]} 42. Kf3 {[%clk 0:00:04]} Rf8+ {[%clk 0:04:33]} 43. Ke3
{[%clk 0:00:05]} Qe1+ {[%clk 0:04:32]} 44. Kd4 {[%clk 0:00:05]} Rd8+
{[%clk 0:04:23]} 45. Kc4 {[%clk 0:00:04]} Rc8+ {[%clk 0:04:12]} 46. Kb5
{[%clk 0:00:04]} Qd2 {[%clk 0:03:32]} 47. Rd6 {[%clk 0:00:05]} Qxa2
{[%clk 0:03:18]} 48. Qd5 {[%clk 0:00:08]} Qa3 {[%clk 0:03:04]} 49. Rd7
{[%clk 0:00:05]} a6+ {[%clk 0:03:04]} 50. Kb6 {[%clk 0:00:04]} Qb4+
{[%clk 0:03:05]} 0-1